000 00792pam a2200241 a 4500
001 2142952
005 20180220093102.0
008 980630s1999 paua bf 001 0 eng c
010 _a 98029289
020 _a0943126754
040 _aDNLM/DLC
_cDLC
_dDLC
041 _aeng
060 1 0 _aWB 102
_bG878m 1998
080 _a616 GRO
082 0 0 _a616 GRO
_221
100 1 _a4
101 _aSHM
245 1 0 _aMaking medical decisions :
_cRichard Gross.
504 _aIncludes bibliographical references (p. 113-114) and index.
906 _a7
_bcbc
_corignew
_d1
_eocip
_f19
_gy-gencatlg
942 _2ddc
_cBK
999 _c42955
_d42955